000 00475 a2200181 4500
005 20250515124536.0
008 250515b |||||||| |||| 00| 0 eng d
020 _a9789348183422
_cRs. 2195.00
040 _aMAIN
082 _a380.72
_bS21R
100 _aSaini, P C
245 _aResearch skills in commerce and management
260 _bCambridge Book House
_c2024
_aJaipur
300 _a247
650 _aCommerce
650 _aResearch Skill-Management
942 _cBK
999 _c361314
_d361314